Sports Quiz

Random Sports or MLB Quiz

2011 MLB Leaders Quiz Stats

 Plays Quiz not verified by Sporcle

Challenge
Share
Tweet
Embed
Score 0/170 Timer 10:00
0 Plays Today
% Correct
Ryan Braun (Milwaukee)
98.8%
Ryan Braun (Milwaukee)
98.8%
Ryan Braun (Milwaukee)
98.8%
Ryan Braun (Milwaukee)
98.8%
Ryan Braun (Milwaukee)
98.8%
Ryan Braun (Milwaukee)
98.8%
Ryan Braun (Milwaukee)
98.8%
Jose Reyes (NY Mets)
97.6%
Jose Bautista (Toronto)
97.6%
Jose Bautista (Toronto)
97.6%
Jose Bautista (Toronto)
97.6%
Jose Reyes (NY Mets)
97.6%
Jose Reyes (NY Mets), Joey Votto (Cincinnati)
97.6%
Jose Bautista (Toronto)
97.6%
Matt Kemp (LA Dodgers)
96.4%
Matt Kemp (LA Dodgers)
96.4%
Matt Kemp (LA Dodgers)
96.4%
Matt Kemp (LA Dodgers)
96.4%
Matt Kemp (LA Dodgers)
96.4%
Cameron Maybin (San Diego), Matt Kemp (LA Dodgers), Emilio Bonifacio (Florida), Drew Stubbs (Cincinnati)
96.4%
Matt Kemp (LA Dodgers)
96.4%
Shane Victorino (Philadelphia), Prince Fielder (Milwaukee)
96.4%
Matt Kemp (LA Dodgers)
96.4%
Prince Fielder (Milwaukee)
95.2%
Prince Fielder (Milwaukee)
95.2%
Prince Fielder (Milwaukee)
95.2%
Prince Fielder (Milwaukee)
95.2%
Prince Fielder (Milwaukee)
95.2%
Dan Haren (LA Angels), C.J. Wilson (Texas), James Shields (Tampa Bay), Gio Gonzalez (Oakland), Derek Holland (Texas), Ivan Nova (NY Yankees)
95.2%
Miguel Cabrera (Detroit)
94%
Albert Pujols (St. Louis)
94%
Miguel Cabrera (Detroit)
94%
Miguel Cabrera (Detroit)
94%
Miguel Cabrera (Detroit)
94%
Albert Pujols (St. Louis), Justin Upton (Arizona)
94%
Michael Young (Texas), Adrian Gonzalez (Boston)
94%
Melky Cabrera (Kansas City)
94%
Miguel Cabrera (Detroit)
94%
Miguel Cabrera (Detroit)
94%
Adrian Gonzalez (Boston)
92.9%
Adrian Beltre (Texas), Ian Kinsler (Texas), Jacoby Ellsbury (Boston)
92.9%
Adrian Gonzalez (Boston)
92.9%
Adrian Gonzalez (Boston)
92.9%
Adrian Gonzalez (Boston)
92.9%
Curtis Granderson (NY Yankees)
91.7%
Curtis Granderson (NY Yankees)
91.7%
Curtis Granderson (NY Yankees)
91.7%
Curtis Granderson (NY Yankees)
91.7%
Curtis Granderson (NY Yankees)
91.7%
Justin Verlander (Detroit)
91.7%
Justin Verlander (Detroit)
91.7%
Justin Verlander (Detroit)
91.7%
Justin Verlander (Detroit)
91.7%
Justin Verlander (Detroit)
91.7%
Justin Verlander (Detroit)
91.7%
Jacoby Ellsbury (Boston)
90.5%
Jacoby Ellsbury (Boston)
90.5%
% Correct
Jacoby Ellsbury (Boston)
90.5%
Jacoby Ellsbury (Boston)
90.5%
Ryan Howard (Philadelphia)
86.9%
Ryan Howard (Philadelphia)
86.9%
Roy Halladay (Philadelphia), Tim Lincecum (San Francisco)
86.9%
Mark Teixeira (NY Yankees)
85.7%
Mark Teixeira (NY Yankees)
85.7%
Ian Kennedy (Arizona), Clayton Kershaw (LA Dodgers)
84.5%
Roy Halladay (Philadelphia)
84.5%
Roy Halladay (Philadelphia)
84.5%
Roy Halladay (Philadelphia)
84.5%
Roy Halladay (Philadelphia)
84.5%
Clayton Kershaw (LA Dodgers)
83.3%
Clayton Kershaw (LA Dodgers)
83.3%
Clayton Kershaw (LA Dodgers)
83.3%
Clayton Kershaw (LA Dodgers)
83.3%
Clayton Kershaw (LA Dodgers)
83.3%
Michael Young (Texas)
82.1%
Mark Reynolds (Baltimore)
82.1%
Michael Young (Texas)
82.1%
Mark Reynolds (Baltimore)
82.1%
CC Sabathia (NY Yankees)
82.1%
Cliff Lee (Philadelphia), Yovani Gallardo (Milwaukee)
82.1%
CC Sabathia (NY Yankees)
82.1%
CC Sabathia (NY Yankees)
82.1%
Cliff Lee (Philadelphia)
81%
Cliff Lee (Philadelphia)
81%
Cliff Lee (Philadelphia)
81%
Cliff Lee (Philadelphia)
81%
Mariano Rivera (NY Yankees)
81%
Robinson Cano (NY Yankees)
79.8%
Joey Votto (Cincinnati)
78.6%
Joey Votto (Cincinnati)
78.6%
Joey Votto (Cincinnati)
78.6%
Tim Lincecum (San Francisco)
76.2%
Tim Lincecum (San Francisco)
76.2%
Michael Bourn (Houston-Atlanta)
73.8%
Michael Bourn (Atlanta-Houston)
73.8%
Ian Kennedy (Arizona), Daniel Hudson (Ian Kennedy)
73.8%
Jered Weaver (LA Angels)
72.6%
Jered Weaver (LA Angels)
72.6%
Jered Weaver (LA Angels)
72.6%
Jered Weaver (LA Angels)
72.6%
Jered Weaver (LA Angels)
72.6%
Adrian Beltre (Texas)
69%
Dustin Pedroia (Boston)
69%
Kyle Lohse (St. Louis), Aaron Harang (San Diego), Cole Hamels (Philadelphia)
69%
Cole Hamels (Philadelphia)
69%
Cole Hamels (Philadelphia)
69%
Coco Crisp (Oakland), Brett Gardner (NY Yankees)
67.9%
B.J. Upton (Tampa Bay)
66.7%
B.J. Upton (Tampa Bay)
66.7%
Ian Kennedy (Arizona)
66.7%
Lance Berkman (St. Louis)
65.5%
Lance Berkman (St. Louis)
65.5%
Ian Kinsler (Texas)
65.5%
Ian Kinsler (Texas)
65.5%
% Correct
Lance Berkman (St. Louis)
65.5%
Jon Lester (Boston), Max Scherzer (Detroit), Ricky Romero (Toronto)
65.5%
David Ortiz (Boston)
64.3%
David Ortiz (Boston)
64.3%
Ichiro Suzuki (Seattle)
64.3%
Tim Hudson (Atlanta), Zack Greinke (Milwaukee), Daniel Hudson (Arizona)
63.1%
John Axford (Milwaukee), Craig Kimbrel (Atlanta)
60.7%
Drew Stubbs (Cincinnati)
59.5%
Felix Hernandez (Seattle)
59.5%
Dan Haren (LA Angels)
59.5%
Dan Haren (LA Angels)
59.5%
Hunter Pence (Houston-Philadelphia)
58.3%
Hunter Pence (Houston-Philadelphia)
58.3%
Adam Dunn (Chicago)
58.3%
James Shields (Tampa Bay)
58.3%
James Shields (Tampa Bay)
58.3%
James Shields (Tampa Bay)
58.3%
James Shields (Tampa Bay)
58.3%
Jose Valverde (Detroit)
58.3%
Dan Uggla (Atlanta)
57.1%
Josh Beckett (Boston)
57.1%
Josh Beckett (Boston)
57.1%
Josh Beckett (Boston)
57.1%
Matt Cain (San Francisco)
56%
Matt Cain (San Francisco)
56%
Troy Tulowitzki (Colorado)
51.2%
Victor Martinez (Detroit)
50%
David Price (Tampa Bay)
50%
Chris Carpenter (St. Louis)
48.8%
Heath Bell (San Diego), Drew Storen (Washington)
48.8%
Starlin Castro (Chicago)
46.4%
Mike Stanton (Florida)
45.2%
Mike Stanton (Florida), Danny Espinosa (Washington)
45.2%
Jordan Walden (LA Angels), Neftali Feliz (Texas)
44%
Austin Jackson (Detroit)
41.7%
Carlos Pena (Chicago)
40.5%
Carlos Pena (Chicago)
40.5%
Nick Swisher (NY Yankees)
39.3%
Yovani Gallardo (Milwaukee)
36.9%
Carlos Santana (Cleveland)
35.7%
Francisco Cordero (Cincinnati)
35.7%
Elvis Andrus (Texas)
34.5%
Andrew McCutchen (Pittsburgh)
32.1%
Michael Morse (Washington)
28.6%
Jayson Werth (Washington)
27.4%
Anibal Sanchez (Florida)
25%
J.J. Putz (Arizona)
25%
Doug Fister (Seattle-Detroit)
22.6%
Joel Hanrahan (Pittsburgh)
20.2%
Chris Perez (Cleveland)
17.9%
Alex Avila (Detroit)
16.7%
Jeremy Hellickson (Tampa Bay)
16.7%
Ryan Vogelsong (San Francisco)
15.5%
Michael Pineda (Seattle)
15.5%
Brandon League (Seattle)
13.1%
Angel Pagan (NY Mets)
6%

You're not logged in!

Compare scores with friends on all Sporcle quizzes.
Join for Free
OR
Log In

You Might Also Like...

Show Comments

Extras

Top Quizzes Today


Score Distribution

Your Account Isn't Verified!

In order to create a playlist on Sporcle, you need to verify the email address you used during registration. Go to your Sporcle Settings to finish the process.

Report this User

Report this user for behavior that violates our Community Guidelines.

Details: